00578 a2200157 4500003000500000005001700005040000900022082001000031100002000041245003900061260002600100300001600126505023500142538002900377650001400406Nust20170207153455.0 cNust a915.4 aCarpenter, Mary aSix Month in IndiacMary Carpenter aLondonbLongmanc1868 a298; pages. aThe Outward Voyage (Page-5) Ahmadabad and Institutions (Page-39) Seurat, Mom bay and Poona (Page-83) Madras (Page-127) Calcutta (Page-164) The Suburbs of Calcutta (Page-223) Farewell to Calcutta –Madras – Calicut (Page-271)  aAlmirah No.60 Shelf No.1 aGeography